Dynamics and control of robotic systems / (Record no. 171521)
[ view plain ]
| 000 -LEADER | |
|---|---|
| fixed length control field | 00925cam a22002778i 4500 |
| 001 - CONTROL NUMBER | |
| control field | 20854116 |
| 003 - CONTROL NUMBER IDENTIFIER | |
| control field | OSt |
| 005 - DATE AND TIME OF LATEST TRANSACTION | |
| control field | 20250613112910.0 |
| 008 - FIXED-LENGTH DATA ELEMENTS--GENERAL INFORMATION | |
| fixed length control field | 190214s2020 nju b 001 0 eng |
| 020 ## - INTERNATIONAL STANDARD BOOK NUMBER | |
| International Standard Book Number | 9781119524830 (hardcover) |
| 024 ## - OTHER STANDARD IDENTIFIER | |
| Terms of availability | 105.00 |
| 040 ## - CATALOGING SOURCE | |
| Original cataloging agency | DLC |
| Language of cataloging | eng |
| Description conventions | rda |
| Transcribing agency | DLC |
| Modifying agency | NUST |
| 050 00 - LIBRARY OF CONGRESS CALL NUMBER | |
| Classification number | TJ211.4 KUR |
| 100 1# - MAIN ENTRY--PERSONAL NAME | |
| Personal name | Kurdila, Andrew, |
| Relator term | author. |
| 245 10 - TITLE STATEMENT | |
| Title | Dynamics and control of robotic systems / |
| Statement of responsibility, etc. | Andrew J. Kurdila, Virginia and Pinhas Ben-Tzvi. |
| 260 ## - PUBLICATION, DISTRIBUTION, ETC. | |
| Place of publication, distribution, etc. | [ ]: |
| Name of publisher, distributor, etc. | Wiley, |
| Date of publication, distribution, etc. | ©2020 |
| 300 ## - PHYSICAL DESCRIPTION | |
| Extent | xvii, 495 pages ; |
| Other physical details | : illustrations |
| Dimensions | 25 cm. |
| 336 ## - CONTENT TYPE | |
| Content type term | text |
| Content type code | txt |
| Source | rdacontent |
| 337 ## - MEDIA TYPE | |
| Media type term | unmediated |
| Media type code | n |
| Source | rdamedia |
| 338 ## - CARRIER TYPE | |
| Carrier type term | volume |
| Carrier type code | nc |
| Source | rdacarrier |
| 504 ## - BIBLIOGRAPHY, ETC. NOTE | |
| Bibliography, etc. note | Includes bibliographical references and index. |
| 650 #0 - SUBJECT ADDED ENTRY--TOPICAL TERM | |
| Form subdivision | Robots -- Dynamics. |
| 650 #0 - SUBJECT ADDED ENTRY--TOPICAL TERM | |
| Form subdivision | Roborts-- Control systems. |
| 700 1# - ADDED ENTRY--PERSONAL NAME | |
| Personal name | Ben-Tzvi, Pinhas, |
| Relator term | author. |
| 942 ## - ADDED ENTRY ELEMENTS (KOHA) | |
| Source of classification or shelving scheme | Library of Congress Classification |
| Koha item type | Ordinary Loan Books |
| Classification part | TJ211.4K87 |
| Call number prefix | TJ |
| Call number suffix | KUR |
| Suppress in OPAC | No |
| Withdrawn status | Lost status | Source of classification or shelving scheme | Damaged status | Not for loan | Collection | Home library | Current library | Shelving location | Date acquired | Source of acquisition | Cost, normal purchase price | Total Checkouts | Full call number | Barcode | Date last seen | Accession number | Cost, replacement price | Price effective from | Koha item type | Public note |
|---|---|---|---|---|---|---|---|---|---|---|---|---|---|---|---|---|---|---|---|---|
| LCC | NFIC | MAIN | MAIN | GEN | 03/28/2025 | Book Aid International | 105.00 | TJ211.4.k87 KUR | 92004054775 | 03/28/2025 | 61182 | 105.00 | 03/28/2025 | BOOKS | Donation |